01279nam a2200157 a 4500008004100000020001500041041000800056100001800064245006600082250004300148260003400191300001100225500010400236505077000340655001101110161215t1994 ag a|||g |||| 001 p spa d a9500300192 aspa1 aNeruda, Pablo 3a20 poemas de amor y una canción desesperada /cPablo Neruda a41a ed.bIlustraciones de Raúl Soldi aBuenos Aires:bLosada;c1994. a126 p. aNeruda, P. (1994). 20 poemas de amor y una canción desesperada. (41a ed.). Buenos Aires : Losada. aPablo Neruda -nacido en Parral, Chile, en 1904, galardonado en 1971 con el Premio Nobel de Literatura y muerto en Santiago en 1973- es uno de los mayores poetas del idioma. Algunas de sus obras quizás hayan ejercido una influencia más duradera en la transformación del lenguaje poético -Residencia en la tierra, por ejemplo-, otras tal vez despierten sensaciones más diversas y ricas -como el Canto del General o el Memorial de la Isla Negra-, otras es probable que se presten mejor a la polémica -sus Odas elementales o sus encendidos poemas políticos-, pero de ellas la que ha logrado la mayor aceptación popular y el calor emocional más profundo son esos 20 poemas de amor y una canción desesperada, que se publicaron por primera vez en 1924. aPoesia